Seguridad e higiene industrial: gestión de riesgos (Registro nro. 11365)
[ vista simple ]
| 000 -CABECERA | |
|---|---|
| campo de control de longitud fija | 01656nam a22005177a 4500 |
| 005 - FECHA Y HORA DE ACTUALIZACIÓN | |
| campo de control | 20190116120657.0 |
| 008 - LONGITUD FIJA | |
| campo de control de longitud fija | 181126b xxu||||| |||| 00| 0 spa d |
| 020 ## - INTERNATIONAL STANDARD BOOK NUMBER | |
| Número Internacional Estándar del Libro | 9789586828369 |
| 041 ## - IDIOMA | |
| Código de idioma del texto/pista de sonido o título separado | |
| 082 ## - CLASIFICACIÓN DECIMAL DEWEY | |
| Número de clasificación | 620.86 M268s |
| 100 ## - AUTOR PERSONAL | |
| Nombre de persona | Mancera Fernández, Mario |
| 100 ## - AUTOR PERSONAL | |
| Nombre de persona | Mancera Ruiz, María Teresa |
| 100 ## - AUTOR PERSONAL | |
| Nombre de persona | Mancera Ruiz, Mario Román |
| 100 ## - AUTOR PERSONAL | |
| Nombre de persona | Mancera Ruiz, Juan Ricardo |
| 245 ## - TÍTULO PROPIAMENTE DICHO | |
| Título | Seguridad e higiene industrial: gestión de riesgos |
| 260 ## - PIE DE IMPRENTA | |
| Lugar de publicación, distribución, etc. | México |
| 260 ## - PIE DE IMPRENTA | |
| Nombre del editor, distribuidor, etc. | Alfaomega |
| 260 ## - PIE DE IMPRENTA | |
| Fecha de publicación, distribución, etc. | 2013 |
| 300 ## - DESCRIPCIÓN FÍSICA | |
| Extensión | 446 páginas |
| 650 ## - Materia General | |
| Materia general | SALUD OCUPACIONAL |
| 650 ## - Materia General | |
| Materia general | INGENIERÍA OCUPACIONAL |
| 650 ## - Materia General | |
| Materia general | HIGIENE |
| 650 ## - Materia General | |
| Materia general | SEGURIDAD INDUSTRIAL |
| 650 ## - Materia General | |
| Materia general | RIESGO ELÉCTRICO |
| 650 ## - Materia General | |
| Materia general | RIESGO LOCATIVO |
| 650 ## - Materia General | |
| Materia general | RIESGO MECÁNICO |
| 650 ## - Materia General | |
| Materia general | ALMACENAMIENTO |
| 650 ## - Materia General | |
| Materia general | RIESGO POR INCENDIO |
| 650 ## - Materia General | |
| Materia general | TRABAJOS DE ALTO RIESGO |
| 650 ## - Materia General | |
| Materia general | RIESGO POR RUIDO |
| 650 ## - Materia General | |
| Materia general | RIESGO POR VIBRACIONES |
| 650 ## - Materia General | |
| Materia general | RIESGO POR TEMPERATURA |
| 650 ## - Materia General | |
| Materia general | RIESGO POR ILUMINACIÓN |
| 650 ## - Materia General | |
| Materia general | RIESGO POR RADIACIONES |
| 650 ## - Materia General | |
| Materia general | CONTAMINANTES QUÍMICOS |
| 650 ## - Materia General | |
| Materia general | RIESGO BIOLÓGICO |
| 650 ## - Materia General | |
| Materia general | RIEGO ERGONÓMICO |
| 650 ## - Materia General | |
| Materia general | RIESGO BIOLÓGICO |
| 650 ## - Materia General | |
| Materia general | GESTIÓN DE SALUD |
| 650 ## - Materia General | |
| Materia general | EQUIPO DE PROTECCIÓN PERSONAL |
| 650 ## - Materia General | |
| Materia general | MANTENIMIENTO |
| 650 ## - Materia General | |
| Materia general | PREVENCIÓN |
| 650 ## - Materia General | |
| Materia general | MEDICINA DE TRABAJO |
| 650 ## - Materia General | |
| Materia general | SEÑALIZACIÓN |
| 942 ## - Punto de Acceso Adicional Koha | |
| Tipo de ítem Koha | Libro |
| Estado perdido | Estado dañado | No para préstamo | Biblioteca permanente | Biblioteca actual | Signatura completa | Código de barras | Precio efectivo a partir del | Tipo de ítem |
|---|---|---|---|---|---|---|---|---|
| Departamento de Biblioteca y Documentación Alfonso Chase Brenes | Departamento de Biblioteca y Documentación Alfonso Chase Brenes | 620.86 M268s | 23740 | 26/11/2018 | Libro |